000
00303nam a22001217a 4500
008
171213b xxu||||| |||| 00| 0 eng d
041
_a
eng
080
_2
4 ED
_a
343.9
100
_a
13
101
_a
JUR
245
_a
RESEARCH METHODS CRIMINAL JUSTICE AND CRIMINOLOGY
_c
MAXFIELD.M.G
942
_2
udc
_c
BK
999
_c
38880
_d
38880